000 00319nam a2200133 i 4500
001 bg
245 0 _aOchrona patentowa /
_cpod red. Michał Staszkowa.
260 _aKatowice,
_c1983.
700 1 _aSTASZKOW, Michał.
_eRed.
040 _cBPK
041 _apol
942 _cKS
008 s pl f |000 0 pol
999 _c1859
_d1859
856 _uhttp://koha.tu.koszalin.pl/cgi-bin/koha/opac-detail.pl?biblionumber=1859
_yKatalog online BPK